01883nam a2200349 i 4500001001000000003000900010005001700019007000300036008004100039040003000080082001900110100005100129245004500180264003800225300005000263336002700313337003300340338002800373500007300401590002600474650002900500651002900529651003600558910003700594942001400631952020300645952017700848952017501025952012601200952019201326999001501518000009701DO-SdBNP20241107084319.0ta091001s1997 dr a r 000 p spa d aDO-SdBNPbspacBNPHUerda a946bB171e2221 a Balaguer, Joaquín,d1906-2002eautor97655610aEspaña infinita /cJoaquín Balaguer. aSanto Domingo :bCorripio,c1997. a233 páginas :bilustrador, fotos. ;c24 cm. ardacontentbtexto2txt ardamediabsin mediación2n ardacarrierbvolumen2nc aIncluye referencias bibliográficas y notas al pie de las páginas aInventariado, 2018/BT14aLiteratura y arte92459814aEspañaxHistoria9884414aEspañaxCivilización914116 aValidado. Control de calidad MFF 2ddccLBS1 00112ddc56708DSaBNPHUbBNPHUcCTd2019-07-19l0oBNPHU DS 946 B171ep9701-50r2020-06-25te.5w2020-06-25yLBS1zPertenecio a la biblioteca personal de Emilio Cordero MichelZPréstamo en sala 0010718PDaGRbGRcHDd2009-10-01iLF1l0o946 B171ep9701-10r2020-06-25w2020-06-25yLFPDzPerteneció a la biblioteca personal de Germán Emilio Ornes.ZNo se presta 0010718PDaGRbGRcHDd2018-05-08iLF1l0o946 B171ep9701-20r2020-06-25te.2w2020-06-25yLFPDzPerteneció a la biblioteca personal de Barbara Suncar.ZNo se presta 001054708DSaGRbGRcHDd2018-08-20iLF1l0o946 B171ep9701-30r2020-06-25te.3w2020-06-25yLFDSZPréstamo en sala 001054708DSaGRbGRcHDd2019-07-19iLF1l0o946 B171ep9701-40r2020-06-25te.4w2020-06-25yLFDSzPerteneció a la biblioteca personal de la familia Reyes Duluc.ZPréstamo en sala c9461d9461